Los Docentes mexicanos : (Record no. 48317)

MARC details
000 -LEADER
fixed length control field 00896nam a22002177a 4500
008 - FIXED-LENGTH DATA ELEMENTS--GENERAL INFORMATION
fixed length control field 140130t mx||||| |||| 00| 0 spa d
020 ## - INTERNATIONAL STANDARD BOOK NUMBER
International Standard Book Number 9786070302701
050 04 - LIBRARY OF CONGRESS CALL NUMBER
Classification number LB1727.M4
Item number T46 2011
100 1# - MAIN ENTRY--PERSONAL NAME
Personal name Tenti Fanfani, Emilio
245 14 - TITLE STATEMENT
Title Los Docentes mexicanos :
Remainder of title datos e interpretaciones en perspectiva comparada /
Statement of responsibility, etc Emilio Tenti Fanfani, Cora Steinberg.
260 ## - PUBLICATION, DISTRIBUTION, ETC. (IMPRINT)
Place of publication, distribution, etc México :
Name of publisher, distributor, etc Siglo XXI,
Date of publication, distribution, etc 2011
300 ## - PHYSICAL DESCRIPTION
Extent 174 p. :
Other physical details il. ;
Dimensions 21 cm.
440 #0 - SERIES STATEMENT/ADDED ENTRY--TITLE
Title Educación
504 ## - BIBLIOGRAPHY, ETC. NOTE
Bibliography, etc Incluye bibliografía e índice
650 #4 - SUBJECT ADDED ENTRY--TOPICAL TERM
Topical term or geographic name as entry element Maestros
General subdivision Capacitación
Geographic subdivision México
650 #4 - SUBJECT ADDED ENTRY--TOPICAL TERM
Topical term or geographic name as entry element Maestros
General subdivision Sociología de la educación
Geographic subdivision America Latina
700 1# - ADDED ENTRY--PERSONAL NAME
Personal name Steinberg, Cora
Relator term coaut.
710 2# - ADDED ENTRY--CORPORATE NAME
Corporate name or jurisdiction name as entry element UNESCO ( Organización de las naciones unidas para la educación, la ciencia y la cultura)
710 2# - ADDED ENTRY--CORPORATE NAME
Corporate name or jurisdiction name as entry element Instituto internacional de planeamiento de la educación (Buenos Aires)
942 ## - ADDED ENTRY ELEMENTS (KOHA)
Source of classification or shelving scheme Biblioteca del Cogreso de los Estados Unidos
Koha item type Libro
Holdings
Estado de pérdida Fuente de clasificación Estado del daño No para préstamo Ubicación permanente Ubicación actual Apartado o colección Fecha de adquisición Fuente de adquisición Enumeración de Serie / Cronológica Dependencia de educación superior (DES) Área del conocimiento Clasificación Código de Barras Date last seen Número de copia Tipo de recurso
  Biblioteca del Cogreso de los Estados Unidos     Biblioteca de la Facultad de Psicología Biblioteca de la Facultad de Psicología General 30/01/2014   BFP000006886     LB1727.M4 T46 2011 BFP000006886 30/01/2014 1 Libro
  Biblioteca del Cogreso de los Estados Unidos     Biblioteca de la Facultad de Psicología Biblioteca de la Facultad de Psicología General 30/01/2014   BFP000005283     LB1727.M4 T46 2011 BFP000005283 30/01/2014 2 Libro